Word Ladder: Eye Vee League Schools Quiz Stats

 Plays Quiz Updated Mar 21, 2018

Score 0/33 Timer 03:00
1 Play Today
Clue 4-Letter Word % Correct
DifficultHARD
97.5%
Thing with 5 fingersHAND
97%
At this locationHERE
96.2%
A group of animalsHERD
96.1%
Bring a plane downLAND
96%
Lacking lightDARK
96%
Animal fat for cookingLARD
95.8%
A female horseMARE
95.1%
The center of an appleCORE
94.2%
A songbirdLARK
93.9%
Grime or soilDIRT
93.9%
Pub projectileDART
93.1%
Home to the devilHELL
91.8%
Give a hootCARE
91.4%
A soak in the tubBATH
91.3%
A small mountainHILL
91.2%
An insect drawn to lightMOTH
91.2%
Clue 4-Letter Word % Correct
Bare or just onlyMERE
90%
One and the otherBOTH
89.7%
A job for a lawyerCASE
89.4%
A huge partyBASH
88.9%
The bottom of a triangleBASE
88.7%
Old King of nursery rhymesCOLE
87.5%
A young male horseCOLT
85.9%
The handle of a swordHILT
83.9%
A teensy arachnidMITE
79.7%
'Arrested Development's SteveHOLT
79.2%
Dismal or disastrousDIRE
78.9%
A speck of dustMOTE
77.8%
A swampMIRE
77%
1994 Jodie Foster FilmNELL
57.4%
Albert the sportscasterMARV
54.9%
Car voiced by Jeremy Piven in 'Cars'HARV
41.6%

Today's Daily Dose

Missing Word
Wicked Songs

Word Ladder
Blue Ivies

Get the Picture
Green on the Flag?

You're not logged in!

Compare scores with friends on all Sporcle quizzes.
OR
Log In

You Might Also Like...

Show Comments

Extras

Top Quizzes Today


Score Distribution

Your Account Isn't Verified!

In order to create a playlist on Sporcle, you need to verify the email address you used during registration. Go to your Sporcle Settings to finish the process.

Report this User

Report this user for behavior that violates our Community Guidelines.

Details: